1511 1805 1407 1814 1588 1557 1439 1968 1358 1262 1030 1206 1222 1966 1605 1163 1472 1875 1409 1693 1172 1884 1864 1468 1457 1889 1726 1858 1994 1415 1647 1715 1547 1998 1277 1952 1940 1060 1686 1025 1257 1630 1009 1933 1310 1603 1927 1076 1906 1428 1765 1632 1215 1507 1219 1044 1448 1461 1160 1461 1741 1428 1380 1140 1578 1469 1949 1045 1792 1066 1085 1488 1784 1991 1342 1416 1515 1750 1348 1181 1458 1268 1750 1571 1868 1553 1747 1487 1991 1476 1929 1415 1736 1338 1054 1010 1169 1919 1594 BCNSPRNW ULIB Ver.6.0+V

เปลี่ยนเป็นภาษาไทย

Change to English
 แสดงรายละเอียดบรรณานุกรม
  กลับหน้าหลัก

Brief Record : Get Marc (ISO 2709) : E-mail record : QR code < ปิดหน้าต่าง
LEADER : 00000nam a2200000 a 4500
001    13399114532
003     ULIB
008    111114s2011 enka b 000 0 eng d
020    ^a9781405198660
060 04 ^aWP870^bB828
245 00 ^aBreast cancer :^bnursing care and management /^cedited by Victoria Harmer
250    ^a2nd ed.
260    ^aChichester :^bWiley-Blackwell,^c2011
300    ^axii, 366 p. :^bill. ;^c24 cm.
500    ^aSend to Single Search
504    ^aIncludes bibliographical references.
650  2 ^aBreast Neoplasms^xnursing.
650  2 ^aBreast Neoplasms^xtherapy.
650  2 ^aOncologic Nursing^xmethods.
700 1  ^aHarmer, Victoria,^eed.
945    ^p0^l0^i031634
995    ^aKesorn
999 ^a ใช้งานได้ทุกระบบ
รายการนี้ยังไม่มีแท็ก
คุณยังไม่ได้ล็อกอิน คุณสามารถมีกิจกรรมร่วมกับเว็บไซต์ได้ แต่ต้องล็อกอินก่อน ::
  ล็อกอิน

รายการสื่อสารสนเทศ

ลำดับที่ ประเภท เลขเรียก/บาร์โค้ด สถานที่ สถานะ
- ไม่พบข้อมูล -

BibComment


ยังไม่เคยถูกคอมเมนท์

คอมเมนท์ทรัพยากรรายการนี้
  คอมเมนท์: Breast cancer n..


 Copyright 2026. Bcnsprnw @Library